000 00663nam a2200205Ii 4500
003 JO-AjNU
008 230605s9999||||xx |||||||||||||| ||und||
017 _a2013/7/2549
040 _aJO-AjNU
_bara
_erda
_cJO-AjNU
041 _aara
050 1 4 _aPJ7814.Z75 2014
100 3 _aالعزة، منتهى,
_eauthor
_952735
245 0 0 _aقليل من الحب
264 3 1 _aعمان: دار اليازوري العلمية للنشر والتوزيع، 2013
300 _a126ص
336 _atext
_btxt
_2rdacontent
337 _aunmediated
_bn
_2rdamedia
338 _avolume
_bnc
_2rdacarrier
650 4 _aمجموعة قصصية-قليل من الحب
_952736
999 _aA23378
_c26946
_d26946